000 00678nam a2200289Ia 4500
005 20260324141705.0
008 008 260324s9999 xx 000 0 eng d
020 _a9781351073714
037 _aEBOOK
040 _aCRL
040 _beng
040 _cCRL
041 _2eng
041 _aeng
084 _qCRL
100 _aTerry Mills
_91209135
245 0 _aInstrumental Data for Drug Analysis, Second Edition
245 0 _bVolume VII
260 _bTaylor and Francis
260 _c1996
365 _a
365 _b255
856 _uhttp://www.taylorfrancis.com/books/9781351073714
942 _cEBOOK
999 _c1812501
_d1812501